000 00984nam a22002417a 4500
005 20240530110535.0
008 160329s2013 ua a g 000 1 ara d
017 _a2012/19588
_bمصر . دار الكتب المصرية
020 _a9789774280306
040 _aEG-CaGPL
082 0 4 _221
_a813.009\
_bهـ ف
100 0 _aهمت بسيونى عبدالعزيز .
245 1 0 _aفى علم اجتماع الادب :
_bتغير قيمة الانتماء فى المجتمع /
_cهمت بسيونى عبدالعزيز .
250 _aط1.
260 _aالقاهرة :
_bمصر العربية للنشر و التوزيع ،
_c2013 .
300 _a271 ص ؛
_c24 سم .
504 _aببليوجرافية : ص 255 - 271
650 0 4 _aالقصص العربية
_xتاريخ و نقد .
650 0 4 _aالانتماء
_xالادب العربى .
650 0 4 _aالاجتماع الادبى ، علم .
942 _2ddc
_cBK
999 _c62172
_d62172